01127nab a2200313 uc450000100070000000500170000700800410002403500110006503500210007604000130009704100080011010000320011824501130015065000280026365000200029165000270031165000240033865000220036265000290038465000240041365000270043765000290046465000470049365000430054065000280058365000420061165000340065377301260068773650020240606090146.0020514s1998 spa  a736500 a(OCoLC)819944204 ccomduadb aspa10aRoca Vila, Octavi4auteaut13aLa autoformacion y la formacion a distancia : las tecnologias de la educacion en los procesos de aprendizaje aEducación a distancia aAutoformación 7aAutoaprendizaje2embne aProcesos educativos 7aAprendizaje2lemb aAsesoramiento curricular aRecursos educativos aMultimedia interactiva aAprendizaje autodirigido aInnovaciones tecnológicas en educación aFormacion del personal de la educacion aInformática educativa 7aRelaciones maestro-estudiante2armarc 7aTecnología educativa2embne0 tTecnología y Comunicación Educativas (México)gVol. 12, No. 27, Ene.-Jun. 1998, p. 29-43w734410x0187-07850246457